Villes américaines (USA) - Statistiques

Statistiques générales
  • Ce quiz a été pris 3 119 fois
  • Le résultat moyen est 25 sur 88
Réponses sur la Carte
Les réponses sont colorées sur une échelle allant du rouge au vert en fonction du pourcentage des utilisateurs qui les ont devinées à leur premier essai. Vous pouvez retrouver ces pourcentages ci-dessous.
 
Statistiques - réponses
Réponse % Correct
New York
96%
Los Angeles
95%
Miami
90%
Chicago
85%
Washington
83%
San Francisco
81%
Las Vegas
79%
Boston
77%
Seattle
75%
Dallas
70%
Houston
69%
Denver
62%
Detroit
62%
Atlanta
61%
San Diego
58%
Philadelphie
54%
Phoenix
54%
Orlando
53%
La Nouvelle Orléans
50%
San Antonio
50%
Portland
48%
Austin
46%
Charlotte
46%
Sacramento
44%
Indianapolis
43%
Minneapolis
40%
Memphis
38%
Oklahoma City
38%
Kansas City
36%
Jacksonville
35%
Milwaukee
35%
Nashville
33%
Baltimore
32%
Cleveland
31%
Albuquerque
30%
St. Louis
30%
Tampa
30%
San Jose
29%
El Paso
23%
Anchorage
21%
Louisville
21%
Cincinnati
18%
Pittsburgh
18%
Oakland
17%
Buffalo
16%
Columbus
16%
Fort Worth
16%
Raleigh
13%
Tucson
13%
Newark
11%
St. Paul
11%
Tulsa
11%
Colorado Springs
10%
Fresno
9%
Long Beach
9%
Omaha
9%
Anaheim
8%
Jersey City
7%
Lincoln
7%
Madison
7%
Virginia Beach
7%
Bakersfield
6%
Corpus Christi
6%
St. Petersburg
6%
Wichita
6%
Norfolk
5%
Toledo
5%
Arlington
4%
Aurora
4%
Fort Wayne
4%
Glendale
4%
Greensboro
4%
Lexington
4%
Mesa
4%
Santa Ana
4%
Durham
3%
Henderson
3%
Irvine
3%
Laredo
3%
Lubbock
3%
Riverside
3%
Stockton
3%
Winston-Salem
3%
Chandler
2%
Chula Vista
2%
Garland
2%
Plano
2%
Hialeah
1%
Aucun quiz correspondant
Distribution des résultats
% des personnes avec chaque résultat
Percentile par nombre de réponses
Votre historique - résultats
Vous n’avez pas pris ce quiz